000 03235cam a22012254i 4500
003 PE-LiUPU
005 20250813185351.0
008 170512s r 000 0 spa d
020 _a0866838155
020 _a9780866838153
035 _a(Sirsi) a203976
040 _aPE-LiUPU
_bspa
_cPE-LiUPU
_erda
049 _aPRUA
082 0 4 _a306.85
_bC97
_223
100 1 _aCurran, Dolores,
_eautor.
040 _aPE-LiUPU
245 1 0 _aTraits of a healthy family :
_bfifteen traits commonly found in healthy families by those who work with them /
_cDolores Curran.
264 1 _aNew York :
_bHaper collins,
_c1983.
300 _a288 pages ;23centimeters
336 _atext
_2rdacontent
337 _aunmediated
_2rdamedia
338 _avolume
_2rdacarrier
504 _aíndex : pages 281-288.
505 0 _aOnce upon a family -- The search for family strengths -- Communicating -- Affirming and supporting -- Respecting othres -- Trusting -- Respecting others -- Trusting -- Sharing time -- Fostering responsibility -- Teaching morals -- Enjoying traditions -- Sharing religion -- Respecting privacy -- Valuing service -- Getting help.
526 _aP202
526 _aP201
526 _aP163
526 _aP162
526 _aP161
526 _aP160
526 _aP148
526 _aP147
526 _aP146
526 _aP145
526 _aP144
526 _aP143
526 _aP142
526 _aP141
526 _aP140
526 _aP139
526 _aP138
526 _aP137
526 _aP136
526 _aP135
526 _aP134
526 _aP133
526 _aP129
526 _aP128
526 _aP127
526 _aP120
526 _aP119
526 _aP118
526 _aP116
526 _aP115
526 _aP114
526 _aP110
526 _aP109
526 _aP108
526 _aP104
526 _aP103
526 _aP102
526 _aP99
526 _aP98
526 _aP97
526 _aP96
526 _aP95
526 _aP93
526 _aP90
526 _aP89
526 _aP88
526 _aP83
526 _aP82
526 _aP62
526 _aP59
526 _aP58
526 _aP57
526 _aP51
526 _aP49
526 _aP48
526 _aP47
526 _aP29
526 _aP24
526 _aP20
526 _aP19
526 _aP17
526 _aP15
526 _aP14
526 _aP12
526 _aP10
526 _aP09
526 _aP08
526 _aP07
526 _aP06
526 _aP05
526 _aP04
526 _aP01
650 0 4 _aFamilias
_xAspectos psicológicos.
910 _ajck
_bncf
_cncf
_d20170512
942 _2ddc
_cBOOK
949 _a306.85 C97
_wDEWEY
_c1
_i75772
_lCCODEBUL1
_mBUL
_p10.00
_r0
_sY
_tBOOK
_u2017-05-11
_xPOSGRADO
_zMA.TEOLOGIA
_0DONACION
_o.STAFF. Colección Teologia
994 _aColección Teologia
596 _a1
999 _a306.85 C97
_wDEWEY
_c20355
_i75772
_f2021-11-11
_g4
_lCCODEBUL1
_mBUL
_p10.00
_r0
_sY
_tBOOK
_u2017-5-12
_xTEOLOGIA
_PP85
_0COMPRA
_o.STAFF. Colección Teologia
_d20355
980 _81
_gALBERTO SANCHEZ Responsable de Automatización